000 00367nam a2200169Ia 4500
003 0STCL
008 150530s9999 xx 000 0 und d
040 _aSTCL
_cSTCL
100 _aGulab Rai
245 _aNav Ras
260 _bNagari Placharini Sabakash
_c1933
300 _a0
546 _aHindi
942 _2ddc
_cBK
999 _c65250
_d65250
005 20220125171301.0